مكتبة جامعة عجلون الوطنية

فهرس بحث المكتبة

Normal view MARC view
  • ادارة التغيير

Entry Topical Term

Number of records used in: 1

001 - CONTROL NUMBER

  • control field: 62404

003 - CONTROL NUMBER IDENTIFIER

  • control field: JO-AjAnu

005 - DATE AND TIME OF LATEST TRANSACTION

  • control field: 20230606084206.0

008 - FIXED-LENGTH DATA ELEMENTS

  • fixed length control field: 230606|| aca||aabn | a|a d

040 ## - CATALOGING SOURCE

  • Original cataloging agency: JO-AjAnu
  • Transcribing agency: JO-AjAnu

150 ## - HEADING--TOPICAL TERM

  • Topical term or geographic name entry element: ادارة التغيير

670 ## - SOURCE DATA FOUND

  • Source citation: Work cat.: (JO-AjAnu)31824: إعداد التل، اسماء عبد الرحمن؛ إشراف بدر عايد القعيد , author 62403, أثر ادارة التغيير في بناء الأدوار القيادية لدى العاملين في شركة مصانع الأدوية البيطرية والزراعية فابكو =The Impact of change Management On Building Leadership Roles among the employees of Vapco Manufacturing CO.LTD